|
|
|
|
| LEADER |
01000caa a2200265 c 4500 |
| 001 |
1664510680 |
| 003 |
DE-627 |
| 005 |
20240202110439.0 |
| 007 |
tu |
| 008 |
190502s2019 xx ||||| 00| ||ger c |
| 035 |
|
|
|a (DE-627)1664510680
|
| 035 |
|
|
|a (DE-599)KXP1664510680
|
| 040 |
|
|
|a DE-627
|b ger
|c DE-627
|e rda
|
| 041 |
|
|
|a ger
|
| 100 |
1 |
|
|a Hilger, Andreas
|d 1967-2024
|e verfasserin
|0 (DE-588)130929190
|0 (DE-627)507582268
|0 (DE-576)298405628
|4 aut
|
| 245 |
1 |
0 |
|a Nationale Selbstbehauptung und sozialistische Mission: Außen- und Globalpolitik in den indisch-sowjetischen Beziehungen der 1950er- und 1960er Jahre
|c Andreas Hilger
|
| 246 |
3 |
0 |
|a Neunzehnhundertfünfziger neunzehnhundertsechziger
|
| 264 |
|
1 |
|c 2019
|
| 336 |
|
|
|a Text
|b txt
|2 rdacontent
|
| 337 |
|
|
|a ohne Hilfsmittel zu benutzen
|b n
|2 rdamedia
|
| 338 |
|
|
|a Band
|b nc
|2 rdacarrier
|
| 500 |
|
|
|a Literaturangaben
|
| 773 |
0 |
8 |
|i Enthalten in
|t Jahrbuch für historische Kommunismusforschung ...
|d Berlin : Metropol-Verl., 1993
|g (2019), Seite 83-103
|w (DE-627)171237390
|w (DE-600)1168805-1
|w (DE-576)038723409
|x 0944-629X
|7 nnas
|
| 773 |
1 |
8 |
|g year:2019
|g pages:83-103
|
| 912 |
|
|
|a GBV_USEFLAG_U
|
| 912 |
|
|
|a GBV_ILN_694
|
| 912 |
|
|
|a ISIL_DE-Po82
|
| 912 |
|
|
|a SYSFLAG_1
|
| 912 |
|
|
|a GBV_KXP
|
| 912 |
|
|
|a GBV_ILN_11
|
| 912 |
|
|
|a GBV_ILN_21
|
| 912 |
|
|
|a GBV_ILN_22
|
| 912 |
|
|
|a GBV_ILN_24
|
| 912 |
|
|
|a GBV_ILN_31
|
| 912 |
|
|
|a GBV_ILN_61
|
| 912 |
|
|
|a GBV_ILN_62
|
| 912 |
|
|
|a GBV_ILN_70
|
| 912 |
|
|
|a GBV_ILN_92
|
| 912 |
|
|
|a GBV_ILN_193
|
| 912 |
|
|
|a GBV_ILN_267
|
| 912 |
|
|
|a GBV_ILN_285
|
| 912 |
|
|
|a GBV_ILN_350
|
| 912 |
|
|
|a GBV_ILN_636
|
| 912 |
|
|
|a GBV_ILN_2003
|
| 912 |
|
|
|a GBV_ILN_2005
|
| 912 |
|
|
|a GBV_ILN_2006
|
| 912 |
|
|
|a GBV_ILN_2007
|
| 912 |
|
|
|a GBV_ILN_2008
|
| 912 |
|
|
|a GBV_ILN_2009
|
| 912 |
|
|
|a GBV_ILN_2010
|
| 912 |
|
|
|a GBV_ILN_2011
|
| 912 |
|
|
|a GBV_ILN_2018
|
| 912 |
|
|
|a GBV_ILN_2453
|
| 912 |
|
|
|a GBV_ILN_4012
|
| 912 |
|
|
|a GBV_ILN_4027
|
| 912 |
|
|
|a GBV_ILN_4028
|
| 912 |
|
|
|a GBV_ILN_4035
|
| 912 |
|
|
|a GBV_ILN_4037
|
| 912 |
|
|
|a GBV_ILN_4082
|
| 912 |
|
|
|a GBV_ILN_4103
|
| 912 |
|
|
|a GBV_ILN_4193
|
| 912 |
|
|
|a GBV_ILN_4238
|
| 912 |
|
|
|a GBV_ILN_4261
|
| 912 |
|
|
|a GBV_ILN_4277
|
| 912 |
|
|
|a GBV_ILN_4305
|
| 912 |
|
|
|a GBV_ILN_4306
|
| 912 |
|
|
|a GBV_ILN_4310
|
| 912 |
|
|
|a GBV_ILN_4325
|
| 951 |
|
|
|a AR
|
| 952 |
|
|
|j 2019
|h 83-103
|
| 980 |
|
|
|2 694
|1 01
|x 4694
|b 345903890X
|y x
|z 02-05-19
|